|
|
|
|
| LEADER |
00000ny a22000003n 4500 |
| 005 |
20110620135647.0 |
| 008 |
100323s2008 pe 000 0 spa d |
| 020 |
|
|
|a 9789972224775
|
| 035 |
|
|
|a 4872
|
| 040 |
|
|
|d vlex
|
| 090 |
|
|
|c 1366
|d 1366
|
| 100 |
1 |
|
|a Gonzales Mantilla, Gorki
|
| 245 |
1 |
3 |
|a La enseąnza del Derecho o los molinos de viento
|h [Recurso electrn̤ico]
|b Cambios, resistencias y continuidades /
|c Gorki Gonzales Mantilla
|
| 256 |
|
|
|a Servicio en ln̕ea
|
| 260 |
|
|
|a Lima :
|b Palestra,
|c 2008
|
| 506 |
1 |
|
|a Contenido solo disponible en los productos indicados
|d vLex Global
|d vLex Global (Academic Edition, excluding Law Schools)
|d vLex Global (U.S. Academic Edition, Law Schools)
|d vLex Global (U.S. Academic Edition, excluding Law Schools)
|d vLex Global (Academic Edition, Law Schools)
|
| 650 |
0 |
4 |
|a Derecho
|x Enseąnza
|x Publicaciones perid̤icas
|
| 740 |
0 |
|
|a vLex Libros (Servicios en ln̕ea)
|
| 856 |
4 |
0 |
|u http://vlex.com/source/4872
|z Acceso restringido
|
| 942 |
|
|
|c BOOK
|